00786nam a2200181 i 4500001000700000003000900007005001700016008004100033080002800074100004200102245015300144260013700297300004300434502004300477650002700520710003000547852002700577180570ES-MaACL20250814080957.0120614s1975 sp |||| | spa d a56:551.7(467.12)(043.2)1 aCasanovas Cladellas, María Lourdes.10aEstratigrafía y paleontología del yacimiento ludiense de Roc de Santa (Area del Noguera- Pallaresa) / cpor María Lourdes Casanovas Cladellas. aBarcelona : bUniversidad de Barcelona, Secretariado de Publicaciones, Intercambio Científico y Extensión Universitaria, c1975. a18 p. con : blám., grab. ; c24 cm. aTesis-Universidad Barcelona (Extracto) 7aPaleontología2embne2 aUniversidad de Barcelona. aES-MaACLjE-15362(131)